International Organization Emblems - Statistics

General Stats
  • This quiz has been taken 867 times
  • The average score is 7 of 12
Answer Stats
Picture Answer % Correct
United Nations
96%
Olympic Games
90%
North Atlantic Treaty Organization
78%
World Wildlife Fund
71%
World Health Organization
69%
International Red Cross and Red Crescent Movement
54%
African Union
53%
Amnesty International
52%
Commonwealth of Nations
31%
OPEC
31%
World Scouting Organization
28%
International Criminal Court
18%
No matching quizzes found
Score Distribution
Percent of People with Each Score
Percentile by Number Answered
Your Score History
You have not taken this quiz